Risk or Plague Inc. - Statistics

General Stats
  • This quiz has been taken 330 times
  • The average score is 8 of 15
Answer Stats
Question Answer % Correct
Greenland Both
63%
Mexico Plague Inc
63%
North Africa Risk
63%
Indonesia Both
59%
Canada Plague Inc
59%
Iran Plague Inc
59%
East Africa Both
56%
South East Asia Plague Inc
56%
Venezuela Risk
52%
Congo Risk
52%
Afghanistan Both
48%
Vietnam Neither
48%
Cuba Neither
41%
Papua New Guinea Neither
37%
Mongolia Risk
37%
No matching quizzes found
Score Distribution
Percent of People with Each Score
Percentile by Number Answered
Your Score History
You have not taken this quiz